Gaishi : The foreign company in Japan

This book introduce about Korean executive with experience in Japan describes Japanese business culture and recommends ways for foreign companies to operate successfully within it.

Spremljeno u:
Bibliografski detalji
Glavni autor: Kang, T. W
Format: Knjiga
Jezik:Undetermined
Izdano: New York BasicBooks 1990
Teme:
Oznake: Dodaj oznaku
Bez oznaka, Budi prvi tko označuje ovaj zapis!
Thư viện lưu trữ: Trung tâm Học liệu Trường Đại học Cần Thơ
LEADER 00762nam a2200217Ia 4500
001 CTU_227591
008 210402s9999 xx 000 0 und d
082 |a 338.88852 
082 |b K16 
100 |a Kang, T. W 
245 0 |a Gaishi : 
245 4 |b The foreign company in Japan 
245 0 |c T. W. Kang 
260 |a New York 
260 |b BasicBooks 
260 |c 1990 
520 |a This book introduce about Korean executive with experience in Japan describes Japanese business culture and recommends ways for foreign companies to operate successfully within it. 
650 |a Tổng công ty, nước ngoài,Corporations, Foreign 
650 |z Nhật Bản,Japan 
910 |b dqhieu 
980 |a Trung tâm Học liệu Trường Đại học Cần Thơ